[Event "London Classic"]
[Site "London"]
[Date "2009.12.10"]
[Round "3"]
[White "Howell, David"]
[Black "Carlsen, Magnus"]
[Result "1/2-1/2"]
[WhiteElo "2597"]
[BlackElo "2801"]
[Annotator "Rogozenco,D"]
[PlyCount "157"]
[EventDate "2009.12.08"]
[EventType "tourn"]
[EventRounds "7"]
[EventCountry "ENG"]
[EventCategory "18"]
[SourceTitle "CBM 134"]
[Source "ChessBase"]
[SourceDate "2010.01.18"]
[SourceVersion "1"]
[SourceVersionDate "2010.01.18"]
[SourceQuality "1"]

1. e4 c5 2. c3 d5 3. exd5 Qxd5 4. d4 Nf6 5. Nf3 e6 6. Be3 {This move is
supposed to force Black to exchange pawns on d4.} Be7 $5 {In most of the games
Black automatically takes on d4, but Carlsen shows that the rare 6...Be7 is a
reasonable option as well. Especially since he declared later on "I was well
prepared in this variation".} 7. dxc5 Qxd1+ 8. Kxd1 O-O 9. Nbd2 Ng4 {This
position has occurred only three times in praxis.} 10. Nb3 $146 {Faced with a
rare variation and a well prepared opponent, Howell understandably tries to
play as safe as possible. However, thanks to the bishop pair (there will be an
exchange on e3 sooner or later) now Black can fight for advantage in a quiet
and pleasant position.} ({The most principled continuation is} 10. b4 {which
was played in previous games and which is probably the only way to test the
viability of 6...Be7. Then after} a5 ({The exchange on e3 is premature:} 10...
Nxe3+ 11. fxe3 a5 12. Nd4 Rd8 13. Kc2 axb4 14. cxb4 Bf6 (14... e5 15. N4b3 Bf5+
16. e4) 15. Bb5 Bxd4 16. exd4 Rxd4 17. Nc4 e5 18. Kc3 $16 {1-0 Murariu,A (2430)
-Doncea,V (2380)/Baile Tusnad 2005 (33)}) {White can continue} 11. Kc2 {
In order to evaluate precisely this complicated position practical examples
are needed. In most cases Black wins back the pawn, but in return White gains
more space on the queenside. The following variations show that in spite of
his exposed king, there are hopes for White to achieve some advantage:} (11.
Nd4 Rd8 $5 (11... axb4 12. cxb4 Rd8 13. Kc2 Bf6 (13... e5 $44) 14. N2b3 e5 15.
Nb5 Nc6 16. a3 Bf5+ 17. Kc3 e4+ 18. N3d4 Nxd4 (18... b6 $142 $44) 19. Nxd4 Rac8
20. Bb5 b6 21. c6 Bxd4+ 22. Bxd4 Bd7 23. Bxb6 Bxc6 24. Bc4 $16 {0-1 Seret,J 
(2455)-Adorjan,A (2565)/Luzern 1985 (77)}) 12. Kc2 $140 e5 $36 13. N4b3 Bf5+ {
Now the advantage of postponing exchanges both on b4 and on e3 become clear.
White doesn't have e3-e4 (as in case of an earlier exchange on e3), nor can he
play} 14. Kb2 {in view of} a4 15. Na5 Nxe3 {winning a piece.}) (11. Bc4 axb4
12. cxb4 Nc6 $44 13. b5 Nb4 14. Ne4 Nxe3+ 15. fxe3 Ra3 16. Re1 Rd8+ 17. Kc1 f5
18. Ned2 Rc3+ 19. Kb2 Bf6 20. Nd4 Rxe3 21. Rxe3 Rxd4 22. Kb3 Rxd2 23. Rc1 Rb2+
24. Ka4 Nxa2 $19 (24... Nc2 25. Bxe6+ Kf8 $2 26. Re2 Rxa2+ $4 27. Bxa2 {
1-0 Van de Oudeweetering,A (2369)-Pavlovic,M (2545)/Amsterdam 2004 (36)})) (11.
a3 $5) 11... axb4 12. cxb4 Bf6 (12... Nc6 13. Kb3 Nxe3 14. fxe3 b6 15. Bb5 Na7
16. Be2 bxc5 17. b5 Bb7 18. a4 $14) (12... Bd7 13. Bc4 Ba4+ 14. Bb3 Nc6 15. a3
Bf6 $13) 13. Rb1 ({also deserves attention} 13. Bd4 Bxd4 14. Nxd4 Nxf2 15. Rg1
e5 16. Nb5 Nc6 17. Kb3 $13) 13... Rxa2+ (13... e5 14. Ne4 Rxa2+ 15. Kb3 Be6+
16. Bc4 Bxc4+ 17. Kxc4 Nxe3+ 18. fxe3 Rxg2 19. Rhg1 $44) 14. Kb3 Ra8 15. Ne4
Be7 16. Bb5 $13 {/+/=}) 10... Nxe3+ 11. fxe3 Nd7 12. c6 {This way White at
least breaks up his opponent's pawn structure.} bxc6 13. Na5 Bc5 $5 {An
interesting approach from Carlsen: he doesn't even try to defend his c-pawn.
Instead he activates the pieces.} (13... c5 {with an equal position is of
course possible as well.}) 14. Nd4 Nf6 {It turns out that taking the pawn on
c6 leads only to a temporary material advantage for White: thanks to the
activity of his pieces Black will regain the pawn in all variations.} 15. Bc4 (
15. Naxc6 Ng4 16. Ke2 (16. Kd2 e5 17. Nc2 Bb7 18. Na5 Rad8+ $17) 16... Bd7 $44
{/-/+}) 15... Ng4 16. Ke2 e5 17. Nc2 (17. Ndxc6 Nxe3 $17) 17... Bf5 18. h3 Nf6
19. Nb4 Be4 20. Nbxc6 Rfe8 {Black's advantage is minimal, since regaining the
pawn will lead to further simplifications.} 21. Rhg1 Bb6 22. b4 Rac8 23. b5 (
23. Bb5 Nd5 $17 {[%csl Rc3,Re3]}) 23... Bxa5 24. Nxa5 Rc5 {White has succeeded
in exchanging a knight for his opponent's bishop, but he is still on the
defensive due to the lack of coordination between his pieces and multiple pawn
weaknesses.} 25. a4 $1 Rec8 26. Bd3 ({There is no time to bring the rook to
the d-file:} 26. Rgd1 Bxg2) ({or} 26. Rad1 Bc2) 26... Bxd3+ (26... Rxc3 27.
Bxe4 Nxe4 28. Nc6 $132) 27. Kxd3 Rxc3+ 28. Ke2 Rc2+ (28... e4 29. Rgd1 Rc2+ 30.
Rd2 {favours White again.}) 29. Kf3 e4+ 30. Kf4 R8c5 31. Nc6 {Finally bringing
the knight back into the game. Black can't create decisive threats against the
white king, which means that the position should be close to equal.} g5+ 32.
Kg3 R5c3 33. Ne7+ (33. Nxa7 Rxe3+ 34. Kh2 g4 {threatening Qxh3 mate looks
scary for White, but the computer shows that it is a draw after} 35. Kh1 gxh3
36. b6 Ng4 37. b7 Nf2+ 38. Kh2 Ng4+ 39. Kh1 $11) 33... Kf8 $1 (33... Kg7 34.
Nf5+ Kg6 35. Ne7+ Kh5 {exposes unnecessarily the king. For instance:} 36. Rae1
({not} 36. Raf1 Rxe3+ 37. Kh2 Rf3 $1) 36... Ra3 $140 37. Kh2 {[%cal Ge1f1]}
Rxa4 38. Ref1 $132) 34. Nf5 Nd5 35. Rge1 $2 {A blunder in time trouble.} (35.
Rad1 {would have allowed White to escape:} Rd3 36. Rc1 Nxe3 37. Nxe3 Rxe3+ 38.
Kg4 Rf2 (38... Rxc1 39. Rxc1 $11) 39. Kxg5 ({but not} 39. Rc7 h6 $1 {[%cal
Gf2f4,Gf4h4]} 40. Kh5 Kg7 41. h4 ({or} 41. g3 Rh2 42. Rxa7 Rf3 43. b6 Rxh3+ 44.
Kg4 Rh2 $19) 41... Rg3 {and Black wins, since} 42. Rxa7 {runs into mate after}
g4 {[%cal Gf2f5]}) 39... Ra3 (39... Rg3+ 40. Kh4 Rgxg2 41. Rxg2 Rxg2 42. Re1 f5
43. Rf1 $11) 40. Rc4 e3 (40... f5 $2 41. Kf6) 41. Rf4 {and White will achieve
a draw, although accurate defence is still required.}) 35... Nf4 $19 36. Rg1
Ne2+ 37. Kg4 Nxg1 38. Rxg1 f6 {Of course this should be winning for Black, but
things are not trivial due to White's excellent knight on f5 and his active
king.} 39. h4 gxh4 40. Kxh4 Ra3 41. g4 Rxa4 42. Rd1 Raa2 43. Rd7 Rh2+ 44. Kg3
Rhg2+ 45. Kh3 Rgf2 46. Nd4 Kg8 $6 {Starting with this moment Carlsen loses the
thread, missing even a forced win later on.} ({After} 46... Ra3 47. Kg3 (47.
Nf5 Rf3+ 48. Kh4 Ra2 $19) 47... Rf1 48. Kg2 (48. Nf5 Rf3+ 49. Kh2 Ra2+ 50. Kg1
h5 $19) 48... Re1 49. Kf2 Rh1 50. Kg2 (50. Nf5 h5 51. Kg2 (51. gxh5 Rxh5 52.
Nd6 Rh2+ 53. Kg3 Rd2 $19) 51... Rc1 52. gxh5 Rc5 53. Nd6 Rg5+ 54. Kh2 Rxe3 $19)
50... Raa1 {Black would have kept excellent winning chances, since} 51. Rxa7
Rxa7 52. Kxh1 Ra3 {is lost for White.}) 47. Re7 Kf8 48. Rc7 ({White correctly
prefers to keep his opponent's king cut off rather than release it after} 48.
Rxe4 Kf7 {when it is much easier for Black to play than in the game.}) 48...
Ke8 49. Kg3 Rf1 50. Rxh7 Ra3 51. Kg2 $2 {Both players became visibly tired.
Bringing back the king is a bad mistake, which, however, remained unpunished.}
({The active king after} 51. Nf5 Rf3+ 52. Kh4 {would have been enough for
successful defence:} ({Again going back is hopeless:} 52. Kg2 $2 Ra2+ 53. Kg1
Rff2 54. Rxa7 Rg2+ 55. Kf1 Raf2+ 56. Ke1 Rb2 57. Kf1 Rgd2 $19) 52... Ra2 53.
Nd6+ Kd8 (53... Kf8 54. Rf7+ Kg8 55. Kh5 Rd2 56. Rd7) 54. Nb7+ Kc8 55. Nd6+ Kb8
56. Rb7+ Ka8 57. Kh5 Rxe3 58. Re7 $11) 51... Rd1 52. Nf5 (52. Nc6 Rxe3 53. Kf2
Rf3+ 54. Ke2 Rd7 $19) (52. Rh3 Rd2+ $19) 52... Rd7 $2 (52... Ra2+ {wins by
force, since after} 53. Kg3 Rg1+ 54. Kf4 Rf2+ 55. Kxe4 Rxg4+ 56. Kd5 Rxf5+ 57.
Ke6 {Black simply gives a check on e5} Re5+ $19) 53. Rh8+ Kf7 54. Kg3 Rb3 55.
Kf4 {The king is back into play and Black is not able to win anymore.} Rb1 (
55... Rb4 56. Rh7+ Ke6 57. Rh6 $132 {[%cal Gg4g5]}) 56. Kxe4 Rf1 57. Rh7+ Ke6
58. Rh8 Rc7 59. Nd4+ Kd6 $11 60. Rd8+ Rd7 61. Rc8 Rg7 62. Rd8+ Rd7 63. Rc8 Re7+
64. Kd3 Rc7 65. Rd8+ Rd7 66. Rg8 Rg1 67. Ke2 Kc5 68. Kf2 Rb1 69. Rf8 Rd6 70.
Rf7 Rb2+ 71. Kf3 Ra2 72. Ke4 Kb6 73. Rf8 Rg2 74. Kf3 Rh2 75. Rb8+ Kc7 76. Ra8
Kb7 77. Rf8 Rh7 78. Kf4 Rh1 79. Kf3 1/2-1/2

[Event "Corus-B"]
[Site "Wijk aan Zee"]
[Date "2004.01.14"]
[Round "4"]
[White "Fressinet, Laurent"]
[Black "Van der Wiel, John"]
[Result "1/2-1/2"]
[WhiteElo "2636"]
[BlackElo "2542"]
[Annotator "Rogozenco,D"]
[PlyCount "116"]
[EventDate "2004.01.10"]
[EventType "tourn"]
[EventRounds "13"]
[EventCountry "NED"]
[EventCategory "13"]
[SourceTitle "CBM 099"]
[Source "ChessBase"]
[SourceDate "2004.03.30"]
[SourceVersion "1"]
[SourceVersionDate "2004.03.30"]
[SourceQuality "1"]

1. e4 c5 2. c3 Nf6 3. e5 Nd5 4. Nf3 Nc6 5. d4 cxd4 6. cxd4 d6 7. Bc4 Nb6 8. Bb3
dxe5 9. d5 Na5 10. Nc3 Nxb3 11. Qxb3 e6 12. Nxe5 {White players developed this
line very deep in the past 2-3 years. This is a natural consequence of the
fact that different attempts in many other lines failed to prove any advantage
for White.} Nxd5 {A natural reaction to the latest developments in the theory
of Alapin Variation - some Black players start to research older variations,
which were forgotten once because other possibilities to neutralize White's
initiative were established to be better. This tendency to look for rare
alternatives happens mainly because the amount of theory in Anti-Sicilians
increased dramatically lately and knowing just few general variations is not
really enough any longer for Black to equalize. And instead of studying
carefully many new games with lots of analysis, a reasonable alternative is to
pick up more rare variations. This approach is quite justified, since
objectively Black has more possibilities to reach reasonable play in
Anti-Sicilians. When one side is trying to reach opening advantage in
sidelines (basically, all Anti-Sicilians are sidelines), there must be more
than just one acceptable possibility to react. The more White players will
analyze and find some mini-improvements in equal variations, the more their
opponents will answer by finding clear ways to neutralize White's ideas. In
this game Van der Wiel Black demonstrates another way for Black to solve
opening problems against this particular line. In fact it's the merit of Pavel
Tregubov, who showed that Black might easier solve all problems here than
after 12...exd5. It is curious that 2.c3 Sicilian remains a good research
field for any level, appart from the very top (World Championship matches,
Candidate tournaments and matches, elite tournaments etc), which speaks a lot
about its objective value. On that level the Alapin Variation does not pretend
to represent even slightest headache for Black.} (12... exd5 13. Be3 Bd6 14.
Qb5+ {leads to complicated positions, with lots of new games and many
resources for White to prove compensation for the pawn. It is not easy to play
it with Black without very good knowledge of last developments of theory.}) 13.
Qb5+ Bd7 14. Qxb7 Bb4 {The resulting positions are pretty drawish, which might
represent a kind of justification for White's opening choice - there is
practically no risk of losing. In fact this represents the biggest drawback of
2...Nf6 against 2.c3 - in many variations Black simply must make a draw
without any chances to play for a win.} (14... Nxc3 15. bxc3 Qc8 16. Qf3 $16 {
is known to be bad.}) 15. Bd2 {A new attempt.} (15. O-O Qc8 16. Qxc8+ (16.
Qxd7+ Qxd7 17. Nxd7 Bxc3 18. bxc3 Kxd7 19. c4 Nb6 20. Rd1+ Kc6 21. Bb2 f6 22.
Rd4 Rhd8 $15 {1/2-1/2 Vlassov,N-Baikov,V/Moscow 1996 (59)}) 16... Bxc8 (16...
Rxc8 17. Nxd5 exd5 18. Nxd7 Kxd7 $11) 17. Nxd5 exd5 18. Nc6 Bd6 19. Be3 Bd7 (
19... a6 $5 {[%cal Gc8e6,Ye8d7]} 20. Bd4 Rg8 21. Rfe1+ Be6 $11 {[%cal Ge8d7]})
20. Rac1 O-O 21. Rfd1 $14 {1/2-1/2 Rei,A-Wedemeyer,U/Baltic Sea tt6 corr9196
1991 (36)}) (15. Nxd7 Qc8 $1 {The point of 14...Bb4.} 16. Nc5 Qxb7 17. Nxb7 Rb8
18. O-O (18. Nd6+ Bxd6 19. Nxd5 exd5 20. O-O O-O 21. Rd1 Rfd8 $11 {1/2-1/2
Zambor,N-Stocek,J/Pardubice 1998 (27)}) 18... Bxc3 19. Nd6+ Ke7 20. bxc3 Kxd6
21. c4 Nc3 22. Re1 Kc6 23. Bf4 Rb2 24. Be5 Rc2 25. Bxg7 Rg8 26. Bxc3 Rxc3 27.
Rac1 Rxc1 28. Rxc1 Rb8 $44 {1/2-1/2 Lautier,J-Tregubov,P/Reykjavik 2003 (51)})
15... Bxc3 16. bxc3 Qc8 17. Rb1 Nb6 18. Qf3 O-O 19. Qg3 (19. O-O Nc4 $11) (19.
Rb4 $6 f6) 19... Nd5 (19... Kh8 20. Rb4 $1) 20. c4 (20. O-O Ne7 $11 (20... f6
$2 21. Bh6 $18)) (20. Bh6 Qxc3+ 21. Qxc3 Nxc3 {[%csl Rb1]}) 20... Ne7 21. Bb4
Re8 22. Qf3 (22. O-O Nf5 $11) 22... f6 (22... Nf5 $5 23. g4 Ba4 $1 24. gxf5 (
24. O-O Qc7) 24... exf5 $132 {[%cal Ga4c6,Gf7f6]}) 23. Nxd7 Qxd7 24. O-O Nf5
$11 25. Rfd1 Nd4 26. Qd3 e5 27. Bc5 Rad8 28. Bxd4 Qxd4 29. Qxd4 exd4 {The
endgame is of course a draw. A slight weakness of Black's kingside pawn
formation (the pawn on f6, which weakens the seventh rank) does not change the
evaluation.} 30. Kf1 (30. Rb7 Rc8) 30... Re7 31. Rb5 Re5 32. f4 Re4 33. g3 d3
34. c5 Rc4 35. Rd2 Rc2 36. Ke1 Rd7 37. Kd1 Rc4 38. Rdb2 a6 39. Ra5 h5 40. Rxa6
Rxc5 41. Ra3 h4 42. Rd2 Rcd5 43. Ke1 hxg3 44. hxg3 Rh5 45. Kf1 Rh2 46. Rxh2 d2
47. Rxd2 Rxd2 48. Ra5 Kh7 49. a3 Kg6 50. Ra7 Kh6 51. a4 g5 52. Ra5 gxf4 53.
gxf4 Rd4 54. f5 Kg5 55. Ke2 Kf4 56. Kf2 Re4 57. Kg2 Kg4 58. Kf1 Kg5 1/2-1/2

[Event "Pulvermuehle 2nd"]
[Site "Pulvermuehle"]
[Date "2004.02.19"]
[Round "1"]
[White "Stellwagen, Daniel"]
[Black "Skripchenko, Almira"]
[Result "0-1"]
[WhiteElo "2489"]
[BlackElo "2456"]
[Annotator "Rogozenco,D"]
[PlyCount "82"]
[EventDate "2004.02.19"]
[EventType "tourn"]
[EventRounds "11"]
[EventCountry "GER"]
[EventCategory "11"]
[SourceTitle "CBM 100"]
[Source "ChessBase"]
[SourceDate "2004.06.01"]
[SourceVersion "1"]
[SourceVersionDate "2004.06.01"]
[SourceQuality "1"]

1. e4 c5 2. Nf3 e6 3. c3 Nf6 4. e5 Nd5 5. d4 cxd4 6. cxd4 d6 7. Nc3 Nxc3 8.
bxc3 Qc7 9. Bd2 Nd7 {The most optimal strategy. Black must quickly attack
White's central pawns in order to prevent a normal development or force the
opponent to take on d6.} (9... Nc6 $11 {with similar intentions also offers
Black a good play.}) 10. Bd3 (10. exd6 Bxd6 11. Bd3 {is more common, with
equal position. Black can choose between 11...0-0 12.0-0 b6, or the immediate
11...b6.} O-O 12. O-O b6) 10... dxe5 11. O-O Be7 (11... g6 $11) (11... exd4 12.
cxd4 $44) 12. Re1 O-O {This natural move is a novelty. Black follows a general
rule in such positions - first of all development and only then material.} (
12... exd4 13. cxd4 O-O 14. Rc1 $44 {[%cal Ge1e4]}) 13. Nxe5 Nxe5 14. Rxe5 Bd6
15. Rg5 (15. Qh5 g6 16. Rg5 f6 {[%cal Gc7h7] Black queen controls the seventh
rank, so no sacrifices are possible.} 17. Rg4 e5 $36) (15. Rh5 g6 16. Rh6 e5
$15) 15... f5 {[%csl Rg5] Basically there is no way back for White anymore. If
his attack won't succeed, he will be in troubles. And there are no objective
factors for a successful attack...} 16. Qh5 $6 (16. Rh5 Bd7 17. Rh3 $13) 16...
Bd7 17. Re1 Rf7 (17... Rf6 $15) 18. Bc2 Rf6 19. Qh3 h6 20. Rh5 Raf8 21. Bb3 Kh7
22. Rh4 {Still not clear what to do with that rook. Instead of h4 it should be
somewhere on c1.} Rg6 23. Bd1 (23. c4 $142 Bc6 $140 24. d5) 23... Bc6 24. Bf3
Bd5 $1 {A good play from Black. She slowly improves the position of her pieces.
} 25. Bxd5 exd5 26. Qf3 $2 (26. Qd3 $15 {hoping one day to return with the
rook via e3 was the only chance.}) 26... Qc4 $17 {[%csl Rh4]} 27. Bf4 (27. Qe2
Qxa2 $1 (27... Qxe2 28. Rxe2 Rc8 29. Rh3 Rc4 $15) 28. Bxh6 Qxe2 29. Bc1+ Kg8
30. Rxe2 Rc8 $17) 27... Qxa2 28. Bxd6 Rxd6 29. g3 Rf7 30. Rf4 Rdf6 31. h4 (31.
Re5 $2 g5 32. Rfxf5 Rxf5 33. Rxf5 Qb1+ 34. Kg2 Qxf5) 31... a5 32. Kg2 (32. Re5
a4 33. Qxd5 (33. Rxd5 Qb1+ 34. Kg2 a3 $19) 33... Qxd5 34. Rxd5 Ra6 35. Re5 a3
36. Re1 a2 37. Ra1 Rff6 {[%cal Gf6b6]} ({or} 37... Rc7 38. Rf3 (38. Rxf5 Rxc3
39. Rb5 Rc2 $19 {[%cal Ga6f6]}) 38... Rcc6 39. Rd3 Rcb6 {[%cal Gb6b1]} 40. Rdd1
Rb2 $19) 38. d5 Rfb6 39. Rb4 Rxb4 40. cxb4 Kg6 $19) 32... a4 $19 33. Re8 Qc4
34. h5 a3 35. Ra8 a2 36. Ra3 Kg8 37. Ra8+ Rf8 38. Rxf8+ Rxf8 39. Rxf5 Rxf5 40.
Qxf5 a1=Q 41. Qe6+ Kf8 0-1

[Event "Olympiad-36"]
[Site "Mallorca"]
[Date "2004.10.28"]
[Round "13"]
[White "Van Beers, Eddy"]
[Black "Pavasovic, Dusko"]
[Result "0-1"]
[WhiteElo "2383"]
[BlackElo "2581"]
[Annotator "Rogozenco,D"]
[PlyCount "80"]
[EventDate "2004.10.15"]
[EventType "team-swiss"]
[EventRounds "14"]
[EventCountry "ESP"]
[SourceTitle "CBM 104"]
[Source "ChessBase"]
[SourceDate "2005.01.27"]
[SourceVersion "1"]
[SourceVersionDate "2005.01.27"]
[SourceQuality "1"]
[WhiteTeam "Belgium"]
[BlackTeam "Slovenia"]
[WhiteTeamCountry "BEL"]
[BlackTeamCountry "SLO"]

1. e4 c5 2. c3 Nf6 3. e5 Nd5 4. d4 cxd4 5. Nf3 Nc6 6. Bc4 Nb6 7. Bb3 d6 8. exd6
Qxd6 9. O-O Be6 10. Na3 dxc3 11. Qe2 Bxb3 12. Nb5 Qb8 13. axb3 e6 {A rare
continuation, usually connected with 14...e5 after White's 14.g3. But
Pavasovic, who is a specialist of Alapin with White, demonstrates that Black
can manage without 14...e5.} (13... e5 {is the main cointinuation. Black needs
many precise moves after that in order to equalize completely.}) (13... g6 $11
{This is a relatively new and easy way to solve opening problems.}) (13... a6
$6 14. Nbd4 Nxd4 15. Nxd4 e6 16. Nxe6 fxe6 17. Qxe6+ Be7 18. Qxb6 $16) 14. g3 (
14. bxc3 Be7 (14... a6 15. Nbd4 Nxd4 16. Nxd4 $44) 15. g3 (15. Nfd4 Nxd4 16.
Nxd4 O-O $17 {0-1 Skola,M-Bagaturov,G/Ostrava 1992 (24)}) 15... e5 (15... Qc8
$5) 16. Re1 (16. Bg5 Bxg5 17. Nxg5 h6 18. Ne4 O-O 19. Rfd1 Rd8 20. Nbd6 Qc7 21.
Qh5 Qe7 22. Nf5 Qf8 23. g4 Ne7 24. Nxe7+ Qxe7 25. g5 Nd5 26. gxh6 Nf4 27. Qg4
g6 28. Ng5 $4 Qxg5 {0-1 Van den Doel,E-Van der Weide,K/Groningen 1999}) 16...
O-O 17. Nxe5 Nxe5 18. Qxe5 Qxe5 19. Rxe5 Bf6 20. Re4 {1/2-1/2 Dgebuadze,A-Van
der Weide,K/Germany 2002}) (14. Qe4 Qc8 (14... Nd5 15. bxc3 Be7 16. c4 Nf6 17.
Qe2 a6 18. Nc3 O-O 19. g3 b6 20. Bb2 Rd8 $17 {0-1 Janovsky,S-Palac,M/Ljubjana
2004 (36)}) 15. Bf4 Nd5 16. Rad1 Be7 17. Ng5 Nxf4 18. Qxf4 O-O $17 {0-1 Szabo,
V-Zatonskih,A/Bucharest 1998 (22)}) 14... Qc8 (14... e5 $11) 15. Be3 (15. Bf4
Nd5 16. Nd6+ Bxd6 17. Bxd6 Qd8 {1/2-1/2 Vysochin,S-Pavlov,S/Kiev 2003. White's
compensation does not seem enough here.} 18. Bc5 c2 19. Rfc1 Nce7) (15. Ng5 $5
a6 (15... Be7 16. Qh5 $36) 16. Qh5 Nd8 (16... g6 17. Qf3 $44) 17. Nxc3 h6 18.
Be3 Nd7 19. Rfd1 Ne5 $2 20. Rxd8+ Kxd8 21. Nxf7+ Nxf7 22. Qxf7 {1-0 Gottardi,
G-Brzozka,S/Konstantinopolsky mem corr9398}) 15... Nd5 16. Nxa7 (16. Nxc3 Nxe3
17. Qxe3 Be7 $17) 16... Nxa7 $146 (16... cxb2 17. Nxc8 bxa1=Q 18. Rxa1 Rxa1+
19. Kg2 Bb4 $17 {1/2-1/2 Dainauskas,J-Gill,D/IECC email 2000 (58)}) 17. Bxa7
Bb4 18. Bd4 Rxa1 19. Rxa1 cxb2 20. Bxb2 (20. Qxb2 f6 21. Rc1 Qd7 $17) 20... O-O
{White's temporary initiative does not compensate the absence of the pawn.
Black has no weaknesses and a powerful knight on d5, which guarantees him the
advantage.} 21. Rc1 (21. Ne5 Qc7 $17) 21... Qd7 22. Ne5 Qe7 $17 {Due to the
reduced material Black has some typical difficultiesto convert his extra pawn.
Nevertheless the presence of the queenside pawns means that White's task to
achieve a draw is difficult.  White can do little better than improve the
position of all his pieces and wait.} 23. Rc4 f6 24. Nd3 Bd6 25. f4 $6 {
Weakens the second rank and the king. I think White must allow his opponent to
advance the pawns rather than make such weaknesses.} Re8 26. Qf3 Qf7 27. Nf2 (
27. Kg2 Qg6 28. Re4 Qf5 29. Rc4 b5 30. Re4 Rc8 $17) 27... Qg6 28. Ne4 $2 {
After this blunder White loses the second pawn and his position becomes
completely lost.} (28. Nd3 Qf5 29. Kg2 b5 30. Rc1 Rd8 $17) 28... Bxf4 $19 29.
Nc3 Be3+ 30. Kh1 Qd3 31. Nxd5 Qxd5 32. Re4 Bh6 33. Kg2 Rd8 34. g4 Qd2+ 35. Re2
Qxe2+ 36. Qxe2 Rd2 37. Kf3 Rxe2 38. Kxe2 Kf7 39. Kd3 e5 40. Ba3 Bf4 0-1